|
|
|
|
| LEADER |
00000nab a2200000 ar4500 |
| 001 |
vtls009147038 |
| 003 |
SK-MaSNL |
| 005 |
20260319074201.0 |
| 008 |
070726c2007 xo |||||||| 000 b|hun |
| 015 |
|
|
|a SNBRB2007/07
|2 snkbucl
|
| 038 |
|
|
|a SNKBUCL
|
| 040 |
|
|
|a DSZK
|b slo
|c DSZK
|e AACR2
|
| 041 |
0 |
|
|a hun
|
| 044 |
|
|
|a xo
|c SK
|
| 080 |
|
|
|a 323
|x (437.6)
|2 1997
|
| 080 |
|
|
|a 323.15
|x (=511.141)
|x (437.6)
|2 1997
|
| 100 |
1 |
|
|a Mács, József,
|d 1931-2017
|4 aut
|9 193257
|
| 245 |
1 |
0 |
|a A lojalitás nem a mi problémánk
|c Mács József
|
| 650 |
0 |
7 |
|a Maďari
|z Slovensko
|x vnútorná politika
|2 snkbucl
|9 1032306
|
| 650 |
0 |
7 |
|a vnútorná politika
|2 snkbucl
|9 970
|
| 651 |
|
7 |
|a Slovensko
|x vnútorná politika
|2 snkbucl
|9 67680
|
| 773 |
0 |
|
|t Szabad újság
|g Évf. XV, sz. 29 (2007), o. 1 és 3
|x 1335-6631
|
| 852 |
|
|
|a SNK
|b KIS3GCP
|
| 852 |
|
|
|a DSZK
|b KIS3GCP
|
| 958 |
|
|
|a HU
|
| 958 |
|
|
|a SK
|
| 999 |
|
|
|c 1698994
|d 1700924
|